<?xml version="1.0" encoding="UTF-8"?>
<record
    xmlns:xsi="http://www.w3.org/2001/XMLSchema-instance"
    xsi:schemaLocation="http://www.loc.gov/MARC21/slim http://www.loc.gov/standards/marcxml/schema/MARC21slim.xsd"
    xmlns="http://www.loc.gov/MARC21/slim">

  <leader>00538nam a22001697a 4500</leader>
  <datafield tag="999" ind1=" " ind2=" ">
    <subfield code="c">18047</subfield>
    <subfield code="d">18047</subfield>
  </datafield>
  <controlfield tag="008">191123b        xxu||||| |||| 00| 0 eng d</controlfield>
  <datafield tag="020" ind1=" " ind2=" ">
    <subfield code="a">996674623</subfield>
  </datafield>
  <datafield tag="040" ind1=" " ind2=" ">
    <subfield code="a">KABU</subfield>
    <subfield code="c">KABU</subfield>
  </datafield>
  <datafield tag="050" ind1=" " ind2=" ">
    <subfield code="a">HG179</subfield>
    <subfield code="b">.K53 2013 c. 1</subfield>
  </datafield>
  <datafield tag="100" ind1=" " ind2=" ">
    <subfield code="a">Kibicho, Paul Mwangi</subfield>
  </datafield>
  <datafield tag="245" ind1=" " ind2=" ">
    <subfield code="a">Personal financial wellness and wealth creation simplified</subfield>
    <subfield code="c">Paul Mwangi Kibicho</subfield>
  </datafield>
  <datafield tag="260" ind1=" " ind2=" ">
    <subfield code="a">Nairobi, Kenya</subfield>
    <subfield code="b">Morning Dew Counseling Services</subfield>
    <subfield code="c">2013</subfield>
  </datafield>
  <datafield tag="300" ind1=" " ind2=" ">
    <subfield code="a">xviii, 57 p.</subfield>
  </datafield>
  <datafield tag="650" ind1=" " ind2=" ">
    <subfield code="a">Financial, personal</subfield>
  </datafield>
  <datafield tag="650" ind1=" " ind2=" ">
    <subfield code="a">Consumer credit</subfield>
  </datafield>
  <datafield tag="942" ind1=" " ind2=" ">
    <subfield code="2">lcc</subfield>
    <subfield code="c">BK</subfield>
    <subfield code="h">HG179</subfield>
  </datafield>
  <datafield tag="952" ind1=" " ind2=" ">
    <subfield code="0">0</subfield>
    <subfield code="1">0</subfield>
    <subfield code="2">lcc</subfield>
    <subfield code="7">0</subfield>
    <subfield code="a">KABU</subfield>
    <subfield code="b">KABU</subfield>
    <subfield code="d">2019-11-23</subfield>
    <subfield code="g">1000.00</subfield>
    <subfield code="l">0</subfield>
    <subfield code="o">HG179 .K53 2013 c. 1</subfield>
    <subfield code="p">023947</subfield>
    <subfield code="r">2019-11-23 00:00:00</subfield>
    <subfield code="t">c. 1</subfield>
    <subfield code="w">2019-11-23</subfield>
    <subfield code="y">BK</subfield>
  </datafield>
  <datafield tag="952" ind1=" " ind2=" ">
    <subfield code="0">0</subfield>
    <subfield code="1">0</subfield>
    <subfield code="2">lcc</subfield>
    <subfield code="7">0</subfield>
    <subfield code="a">KABU</subfield>
    <subfield code="b">KABU</subfield>
    <subfield code="d">2019-11-23</subfield>
    <subfield code="g">1000.00</subfield>
    <subfield code="l">6</subfield>
    <subfield code="o">HG179 .K53 2013 c. 2</subfield>
    <subfield code="p">023948</subfield>
    <subfield code="r">2022-10-24 00:00:00</subfield>
    <subfield code="s">2022-10-19</subfield>
    <subfield code="t">c. 2</subfield>
    <subfield code="w">2019-11-23</subfield>
    <subfield code="y">BK</subfield>
  </datafield>
  <datafield tag="952" ind1=" " ind2=" ">
    <subfield code="0">0</subfield>
    <subfield code="1">0</subfield>
    <subfield code="2">lcc</subfield>
    <subfield code="7">0</subfield>
    <subfield code="a">KABU</subfield>
    <subfield code="b">KABU</subfield>
    <subfield code="d">2019-11-23</subfield>
    <subfield code="g">1000.00</subfield>
    <subfield code="i">0423/2022</subfield>
    <subfield code="l">1</subfield>
    <subfield code="o">HG179 .K53 2013 c. 3</subfield>
    <subfield code="p">031872</subfield>
    <subfield code="q">2025-12-20</subfield>
    <subfield code="r">2025-12-03 16:45:53</subfield>
    <subfield code="s">2025-12-03</subfield>
    <subfield code="t">c. 3</subfield>
    <subfield code="w">2019-11-23</subfield>
    <subfield code="y">BK</subfield>
  </datafield>
  <datafield tag="952" ind1=" " ind2=" ">
    <subfield code="0">0</subfield>
    <subfield code="1">0</subfield>
    <subfield code="2">lcc</subfield>
    <subfield code="7">0</subfield>
    <subfield code="a">KABU</subfield>
    <subfield code="b">KABU</subfield>
    <subfield code="d">2019-11-23</subfield>
    <subfield code="g">1000.00</subfield>
    <subfield code="i">0422/2022</subfield>
    <subfield code="l">0</subfield>
    <subfield code="o">HG179 .K53 2013 c. 4</subfield>
    <subfield code="p">031871</subfield>
    <subfield code="r">2023-08-15 00:00:00</subfield>
    <subfield code="t">C.4</subfield>
    <subfield code="w">2019-11-23</subfield>
    <subfield code="y">BK</subfield>
  </datafield>
</record>
